000 00339nam a2200157Ia 4500
100 _aSaji
650 _aPhilosophy
942 _cBK
366 _f25
654 _ahappiness
245 _aTen Commandments for Happiness
260 _bBetter Yourself Books
_aBandra
_c2006
082 _a170/SAJ
_bSAJ
300 _a70
546 _aENGLISH
999 _c29762
_d29762